000 01876cam a22004817a 4500
003 CHAP
005 20220329142807.0
008 031022s2003 mx r 00010 spa d
010 _a87836
011 _a88808
035 _a99353
040 _cCHAP
090 _aTesis
100 0 0 _aBarajas Pérez, Juan Saúl.
_910045
245 1 0 _aEfecto residual en la producción de leche, condición corporal en vacas Holstein que dejaron de consumir suplemento a base de grasas y aminoácidos sobrepasantes
_c/por Juan Saúl barajas Pérez y Pedro Hernández Díaz
260 _aChapingo, Méx. :
_bEl autor,
_c2003.
300 _a66 h.
502 _aTesis (Ing. Agr. Esp. en Zootecnia) -- UACH. Departamento de Zootecnia
530 _aTambién disponible en línea
590 _aALEPH
_b10
_c20130110
_lUCH01
_h1456
590 _aBATCH-UPD
_b10
_c20130110
_lUCH01
_h0432
590 _aBATCH-UPD
_b10
_c20130110
_lUCH01
_h2059
590 _aBATCH-UPD
_b10
_c20130410
_lUCH01
_h0107
590 _aBATCH-UPD
_b10
_c20130914
_lUCH01
_h0535
590 _aBATCH-UPD
_b10
_c20140324
_lUCH01
_h1441
590 _aBATCH-UPD
_b10
_c20141002
_lUCH01
_h0820
590 _aBATCH
_b00
_c20181121
_lUCH01
_h0758
590 _aCONVERSION
_b10
_c20130109
_lUCH01
_h1349
650 1 4 _aAminoacidos en nutricion animal.
_95342
650 1 4 _aCondición corporal.
_926335
650 1 4 _aGanado Holstein.
_945133
650 1 4 _aGanado vacuno
_xAlimentación.
_945429
650 1 4 _aGanado vacuno
_xNutrición.
_945498
650 1 4 _aLeche
_xProducción.
_965400
700 0 _aHernández Díaz, Pedro.
_953962
856 _3Finding aid
_uhttp://10.13.5.2/tesis/99353.pdf
_zTeclea aqui
856 _a1
_n0000727
901 _aBK
905 _aAlejandra Carrasco M.
942 _cFOLL
949 _aTesis
_bBC
_cTES
_d33724000891875
_eTS2
_fc.2
_h41535
_i99353
_si
949 _aTesis
_bBC
_cTES
_d993531
_eTS1
_h41534
_i99353
_sb
999 _c87836
_d87836